| 000 | 01088aam a2200361 4500 | ||
|---|---|---|---|
| 005 | 20170126142757.0 | ||
| 008 | 150423b xxu||||| |||| 00| 0 spa d | ||
| 041 | _aspa | ||
| 082 | _a155 B514d4 | ||
| 100 |
_aBerk, Laura _934654 |
||
| 245 | _aDesarrollo del niño y del adolescente | ||
| 250 | _a4 edición | ||
| 260 |
_aEspaña _bPearson _c1999 |
||
| 300 | _a1011 páginas | ||
| 650 |
_aPSICOLOGÍA DEL DESARROLLO _9233 |
||
| 650 |
_aNIÑOS _91015 |
||
| 650 |
_aADOLESCENCIA _937209 |
||
| 650 |
_aDESARROLLO INFANTIL _937210 |
||
| 650 |
_aDESARROLLO PRENATAL _915512 |
||
| 650 |
_aAPRENDIZAJE TEMPRANO _934657 |
||
| 650 |
_aHABILIDADES MOTORAS _934658 |
||
| 650 |
_aCRECIMIENTO FÍSICO _934659 |
||
| 650 |
_aDESARROLLO COGNITIVO _921645 |
||
| 650 |
_aINTELIGENCIA _937211 |
||
| 650 |
_aDESARROLLO DE LENGUAJE _934661 |
||
| 650 |
_aPERSONALIDAD _9265 |
||
| 650 |
_aDESARROLLO EMOCIONAL _937212 |
||
| 650 |
_aCOMPRENSIÓN SOCIAL _934663 |
||
| 650 |
_aDESARROLLO MORAL _96363 |
||
| 650 |
_aMEDIOS DE COMUNICACIÓN _92806 |
||
| 650 |
_aESCOLARIZACIÓN _934664 |
||
| 942 | _cBK | ||
| 999 |
_c4974 _d4974 |
||